Statistics for Countries with Highest Percentage of their Population Living in One City.

Click here to take the quiz!

General Stats

  • This quiz has been taken 116 times
  • The average score is 15 of 18

Answer Stats

PercentageCityAnswer% Correct
54%DjiboutiDjibouti
96%
67%DohaQatar
94%
22%StockholmSweden
93%
29%SantiagoChile
92%
28%AthensGreece
92%
36%ReykjavikIceland
92%
28%LimaPeru
92%
66%NassauBahamas
91%
40%MontevideoUruguay
90%
32%UlaanbaatarMongolia
89%
40%AmmanJordan
86%
24%MonroviaLiberia
83%
47%ParamariboSuriname
83%
39%BridgetownBarbados
73%
45%FunafutiTuvalu
68%
33%LibrevilleGabon
67%
38%CastriesSt.Lucia
60%
48%MajuroMarshall Islands
59%

Score Distribution

Percentile by Number Answered

Percent of People with Each Score

Your Score History

You have not taken this quiz